Countries By Former Name Quiz Stats

 Plays Quiz not verified by Sporcle

Score 0/42 Timer 10:00
0 Plays Today
Former Name Current Name % Correct
PersiaIran
95%
Uzbek SSRUzbekistan
90.2%
Ukrainian SSRUkraine
90%
SiamThailand
89.8%
Tajik SSRTajikistan
88%
MoldaviaMoldova
86.6%
Anglo-Egyptian SudanSudan
86.4%
Portuguese TimorTimor-Leste
85.5%
French TogolandTogo
83.2%
ZaireDemocratic Republic of the Congo
82.3%
ByelorussiaBelarus
81.2%
French GuineaGuinea
79.8%
Middle CongoRepublic of the Congo
78.7%
Western SamoaSamoa
78.7%
East PakistanBangladesh
78.2%
CeylonSri Lanka
76.4%
British GuianaGuyana
73.9%
Netherlands East IndiesIndonesia
72.8%
RhodesiaZimbabwe
72.6%
British HondurasBelize
71.9%
South-West AfricaNamibia
70.5%
Former Name Current Name % Correct
Portuguese GuineaGuinea-Bissau
68.5%
New SpainMexico
67.3%
Dutch GuianaSuriname
66.7%
Northern RhodesiaZambia
66%
BohemiaCzech Republic
65.8%
Spanish GuineaEquatorial Guinea
63%
KampucheaCambodia
62.6%
Gold CoastGhana
61.2%
Gilbert IslandsKiribati
46.9%
Upper VoltaBurkina Faso
46.9%
French SudanMali
46.7%
BechuanalandBotswana
39.2%
NyasalandMalawi
38.1%
BasutolandLesotho
37.4%
DahomeyBenin
33.6%
Ellice IslandsTuvalu
33.6%
New HebridesVanuatu
33.3%
New GranadaColombia
25.9%
French Territory of the Afars and IssasDjibouti
24.5%
Ubangi-ShariCentral African Republic
24.3%
TemasikSingapore
10.4%

You're not logged in!

Compare scores with friends on all Sporcle quizzes.
OR
Log In

Show Comments

Extras

Top Quizzes Today


Score Distribution

Your Account Isn't Verified!

In order to create a playlist on Sporcle, you need to verify the email address you used during registration. Go to your Sporcle Settings to finish the process.

Report this User

Report this user for behavior that violates our Community Guidelines.

Details: